Responses for Show #4988 - Wednesday, April 26, 2006

Contestants

[<< previous game]

Michael Lapthorn, an exhibition designer from New York, New York

Margaret Holz, a surveyor's assistant from Lindside, West Virginia

Gigi Gilman, a homemaker and attorney from Seattle, Washington (whose 1-day cash winnings total $13,000)

[next game >>]

Jeopardy! Round responses

U.S. ISLANDS
2006 COMMEMORATIVE STAMPS
3-LETTER BODY PARTS
A "D" IN HISTORY
NAME THAT TUNE
NUMBER THAT CONSTITUTIONAL AMENDMENT
    $200 26
Long Island

Michael
    $200 21
a chopper

Michael
    $200 16
gum

Margaret
    $200 4
Dover

Gigi
    $200 2
"I Will Survive"

Margaret
    $200 1
the 10th

Margaret
    $400 27
Martha's Vineyard

Gigi
    $400 22
the Appalachians

Michael
    $400 17
lip

Gigi
    $400 11
debt

Michael
    $400 3
"Since U Been Gone"

Triple Stumper
    $1,000 8
the 5th (or the 14th)

Gigi
    $600 28
Hawaii

Michael
    $600 23
Postmaster General

Michael
    $600 18
arm

Michael
    $600 12
Disraeli

Margaret
    $600 5
San Francisco

Michael
    $600 9
(Alex: "The right to bear arms shall not be infringed." And that's [*].)

the 2nd

Triple Stumper
    $800 29
the Great Salt Lake

Margaret
    $800 24
(Michael: Who is... Rubber Man?)
[Laughter]

Plastic Man

Michael
Triple Stumper
    $800 19
toe

Michael
    $800 13
disarmament

Gigi
    $800 6
"My Kind Of Town"

Gigi
    $800 10
the 19th

Margaret
    $1000 30
the Aleutian Islands

Michael
    $1000 25
(Margaret: Who is La Salle?)

Samuel de Champlain

Margaret
Triple Stumper
    $1000 20
leg

Gigi
    $1000 15
a diet

Margaret
    $1000 7
"Jungle Fever"

Triple Stumper
    $1000 14
the 8th

Triple Stumper

Scores at the first commercial break (after clue 15):

Gigi Margaret Michael
$2,800 $2,800 $1,000

Scores at the end of the Jeopardy! Round:

Gigi Margaret Michael
$4,600 $2,800 $4,600

Double Jeopardy! Round responses

BIBLICAL CITIES
"H.D." TV
SCIENCE CLASS
FOOD IN FRENCH
AMAZING STORIES
CURRENT SENATOR RHYME TIME
    $400 11
Nazareth

Gigi
    $400 26
Happy Days

Gigi
    $400 6
Celsius

Margaret
    $400 1
bread

Michael
    $400 21
The Illustrated Man

Michael
    $400 12
Ted's beds

Michael
    $800 13
Sodom & Gomorrah

Gigi
    $800 27
Howard Dean

Gigi
    $800 7
chromosomes

Michael
    $800 2
a grapefruit

Michael
    $7,000 22
(Alex: Aw, you did it. You got it right.)

Journey to the Center of the Earth

Michael
    $800 14
Joe's toes

Margaret
    $1200 18
Gaza

Michael
    $1200 28
Howdy Doody

Michael
    $1200 8
buoyant

Michael
    $1200 3
a mushroom

Michael
    $1200 23
(Michael: What are the Jovian moons?)
(Gigi: What's Jupiter?)

Mars

GigiMargaretMichael
    $1200 15
Dole's poles

Gigi
    $1600 19
Damascus

Michael
    $1600 29
Hilary Duff

Michael
    $1600 9
(Michael: What is a scale of acidity?)
(Alex: ...No...)
(Michael: What is [*]?)
(Alex: Oh, okay. You got it in just before I ruled you completely wrong on that one.)

a pH scale

Michael
    $1600 4
lamb

Michael
    $1600 24
The Time Machine

Margaret
    $1600 16
Frank's pranks

Gigi
    $2,000 20
(Alex: Joshua fit the battle of [*], yes.)

Jericho

Michael
    $2000 30
Hugh Downs

Michael
    $2000 10
the pineal gland

Margaret
    $2000 5
une aubergine

Margaret
    $2000 25
Arthur C. Clarke

Michael
    $2000 17
Hagel's bagels

Michael

Scores at the end of the Double Jeopardy! Round:

Gigi Margaret Michael
$8,600 $10,800 $32,400
(lock game)

[wagering suggestions for these scores]

Final Jeopardy! Round responses

LITERARY OBJECTS
(Alex: Yes. As a woman in The Da Vinci Code, the recent one. And in Arthurian legend, as a dish.)
GigiWhat is ?
$2,500
MargaretWhat is the Holy Grail
$7,001
MichaelWhat is ?
$5,000
the Holy Grail

Final scores:

Gigi Margaret Michael
$6,100 $17,801 $27,400
3rd place: $1,000 2nd place: $2,000 New champion: $27,400

Game dynamics:

Coryat scores:

Gigi Margaret Michael
$8,000 $10,800 $26,200
13 R
(including 1 DD),
1 W
13 R,
1 W
28 R
(including 2 DDs),
2 W

Combined Coryat: $45,000

[game clues] [game scores] [suggest correction]

Game tape date: Unknown
The J! Archive is created by fans, for fans. Scraping, republication, monetization, and malicious use prohibited; this site may use cookies and collect identifying information. See terms. The Jeopardy! game show and all elements thereof, including but not limited to copyright and trademark thereto, are the property of Jeopardy Productions, Inc. and are protected under law. This website is not affiliated with, sponsored by, or operated by Jeopardy Productions, Inc. Join the discussion at JBoard.tv.